000 00558nam a2200181Ia 4500
008 151202s9999||||xx |||||||||||||| ||und||
082 _bPNVM-54937
100 _aखांडेकर वि. स.
245 _aदोन ध्रुव.
260 _bदेशमुख आणि कंपनी.पुणे.
260 _c1988
300 _a282
600 _aखांडेकर वि. स.
630 _aदोन ध्रुव.
700 _aखांडेकर वि. स.
730 _aदोन ध्रुव.
942 _cBOOK
999 _c1321475
_d1321472